Quizzes
Events
Quiz Creation
Community
Videos
Private Events
Remove Ads
Sign In
Join for FREE
Feedback
Dark Mode
Quiz Categories
Sports
Geography
Music
Movies
Television
Just For Fun
Miscellaneous
History
Literature
Language
Science
Gaming
Entertainment
Religion
Holiday
For Kids
Quiz Lab
Recent
Popular Today
Quiz Kudos Today
Editor Picks
Curator Picks
Quizzes by...
Day
Popularity
Type
Ratings
Length
Year
Community
Subscriptions
Recent Discussions
Orange Saloon
Badges
Playlists
Quests
Create
Leaderboards
Showdown
Live 5
Trivia Bingo
Activity
Puzzle Library
Sporcle Events
Private Events
Virtual Trivia
Globe League
Become a Host
Pub Owners
SporcleCon
Opinionation
Our Games
Videos
Blog
Mobile Apps
Partnerships
Remove Ads and Go Orange
Feedback
Music
Pop Music
The Beatles
Song
Album
Lyrics
Bands
Singers
Artist
Clip
Rock
Rap
Classical
Billboard
Country Music
Kpop
Taylor Swift
Music
Pop Music
The Beatles
Song
Album
Lyrics
Bands
Singers
Artist
Clip
Rock
Rap
Classical
Billboard
Country Music
Kpop
Taylor Swift
Random Quiz
Search Sporcle
×
Quiz Lab
Quiz Lab
Music
Brown
Type in answers that appear in a list
Type in answers that appear in a list
Classic
Best Score? Go Orange.
Colder Weather, Zac Brown Band Lyrics Stats
Can you name the Colder Weather, Zac Brown Band Lyrics?
By
B194179
10m
234 Questions
2,155 Plays
2,155 Plays
2,155 Plays
Comments
Comments
Give Quiz Kudos
Give Quiz Kudos
-
- Ratings
hide this ad
Replay
Link that replays current quiz
Next Quiz
Link to next quiz in quiz playlist
You Got
0%
They Got
Avg Score
87%
Avg Friend Score
Upgrade to see
Score Distribution
Jump to the score distribution portion of the page
Score
0/234
Timer
10:00
0
Plays Today
% Correct
the
97.2%
the
97.2%
the
97.2%
And
97.2%
the
97.2%
the
97.2%
a
97.2%
a
97.2%
And
97.2%
a
97.2%
The
97.2%
the
97.2%
And
97.2%
the
97.2%
the
97.2%
And
97.2%
the
97.2%
a
97.2%
the
97.2%
and
97.2%
a
97.2%
a
97.2%
And
97.2%
and
97.2%
And
97.2%
a
97.2%
the
97.2%
And
97.2%
cold
97.1%
we
96.7%
in
96.6%
in
96.6%
in
96.6%
in
96.6%
He
96.5%
he
96.5%
he
96.5%
He
96.5%
he
96.5%
be
96.4%
be
96.4%
She
96.3%
to
96.1%
to
96.1%
you
96%
you
96%
You
96%
You
96%
you
96%
you
96%
you
96%
you
96%
you
96%
You
96%
you
96%
you
96%
colder
96%
weather
95.9%
weather
95.9%
I'm
94.9%
I'm
94.9%
I'm
94.9%
stuck
94.7%
But
94.3%
but
94.3%
but
94.3%
But
94.3%
Can
94.1%
can
94.1%
see
93.5%
see
93.5%
better
93.5%
then
93.2%
then
93.2%
then
93.2%
said
93.1%
said
93.1%
call
93%
% Correct
tomorrow
92.9%
will
92.8%
Maybe
92.7%
her
91.9%
her
91.9%
you're
91.8%
you're
91.8%
You're
91.8%
your
91.8%
Colorado
91.8%
Colorado
91.8%
again
91.7%
again
91.7%
go
91.6%
At
91.4%
for
91%
your
90.2%
if
89.9%
if
89.9%
ramblin'
89.9%
ain't
89.6%
change
89.5%
with
89.2%
love
89.2%
gonna
89.2%
love
89.2%
with
89.2%
him
89%
him
89%
him
89%
ever
89%
soul
89%
take
88.9%
is
88.3%
is
88.3%
is
88.3%
leavin
88.3%
born
88%
gypsy
87.7%
got
87.7%
I
87.1%
I
87.1%
I
87.1%
I
87.1%
I
87.1%
I
87.1%
I
87.1%
I
87.1%
I
87.1%
I
87.1%
I
87.1%
I
87.1%
I
87.1%
wanna
87.1%
were
87%
of
86.8%
of
86.8%
blame
86.4%
close
86.3%
light
86.1%
wait
85.7%
wait
85.7%
stop
85.2%
want
85.2%
truck
85.1%
as
85%
She'd
84.9%
door
84.8%
was
84.8%
just
84.6%
through
84.2%
outside
84.2%
through
84.2%
coffee
84.1%
it's
84%
it's
84%
It's
84%
shinin'
83.9%
% Correct
left
83.8%
eyes
83.7%
eyes
83.7%
drinkin'
83.4%
night
83.4%
black
83.1%
behind
83%
make
82.8%
he'd
82.8%
girl
82.8%
window
82.5%
know
82.3%
know
82.3%
enough
82.1%
tail
82%
winter
81.9%
stay
81.9%
need
81.9%
by
81.8%
lets
81.3%
diner
81.3%
She's
81%
thinks
80.8%
don't
80.6%
He said I wanna see you again, But I'm stuck in colder weather, Maybe tomorrow ill be better, Can I call you then? She said you're a ramblin' man, You ain't ever gonna change, You got a gypsy soul to blame, And you were born for leavin'
80.5%
me
80.5%
Oh, I wanna see you again, But I'm stuck in colder weather, Maybe tomorrow will be better, Can I call you then? 'cause I'm a ramblin' man, I ain't ever gonna change, I got a gypsy soul to blame, And I was born for leavin'
80.5%
lights
80.3%
strong
80.2%
sees
79.8%
pane
79.8%
When
79.5%
When
79.5%
Closes
79.4%
wonders
79.4%
waitress'
79.4%
leave
79.4%
'round
79.2%
'round
79.2%
'ol
79.2%
Well
79.2%
we'll
79.2%
same
79%
can't
79%
can't
79%
lover
78.4%
answered
78.3%
my
78.2%
back
78%
'til
77.8%
'til
77.8%
about
77.8%
shame
77.4%
before
77%
runner
76.5%
Shining
76.2%
road
76.2%
that
75.8%
Lincoln
75.8%
baby
75.4%
No
75.3%
together
75.1%
soon
74.8%
lost
74.7%
here
74.5%
found
74.3%
pines
73.4%
where
73.3%
smell
72.9%
these
72.9%
winding
72.8%
perfume
72.3%
am
71.5%
matter
71.2%
ghost
70.3%
calls
69.2%
whisperin'
67.3%
trade
56.7%
Quiz Playlist
Details
Report
Send in Message
Add To Playlist
Classic:
Type in answers that appear in a list
Last Updated: Jul 5, 2017
Quiz Scoreboard
CHALLENGE
Sign Up to Join the Scoreboard
Show All
Scores
Hide
Comments
May contain spoilers
Recently Published
Street Fighter Characters
by Artimus82
Gaming
60s
9x9 Crossword: Cartoon Network
by jackfrog10
Miscellaneous
3m
College Basketball Coaching Resumes
by pancakes188
Sports
9m
More to Explore
Quiz From the Vault
Featured Blog Post
Where Did the Easter Bunny Come From?
hide this ad
You Might Also Like...
Tags
Brown
Weather
Zac
Today's Top Quizzes in Music
Browse Music
hide this ad
Today's Top Quizzes in Brown
Browse Brown
Top Contributed Quizzes in Music
1
Taylor Swift All Songs (2024)
2
Guess the Artist- 70s Songs
3
7-to-1: Billboard Hot 100 #1 Hits of 2010s
4
Taylor Swift Logic Puzzle
5
Sorting Albums and Songs
6
KPOP LOGIC QUIZ
7
Guess the Taylor Swift song (Mystery Song)
8
Guess The Taylor Swift Lyrics Song #1
9
Billboard Blitz: ABBA
10
Billboard Blitz: The Beatles
Explore More
Trending Topics
Crossword
Marvel
Harry Potter
Kpop
NBA
Disney
Anime
Song
Puzzle
The Office
WWE
NFL
Country
Pokémon
Soccer
hide this ad
More By:
B194179
Quiz
Plays
Rating
Category
Featured
Created
Colder Weather, Zac Brown Band Lyrics
2,155
5.00
Music
Dec 24, 2011
Go to Creator's Profile
Score Distribution
Quiz Creator Spotlight
B194179
Follow
Send a Message
Quizzes Created
-
Created Quiz Play Count
-
More By This Creator
Popular Quizzes Today
1
Find the US States - No Outlines Minefield
2
Find the Countries of Europe - No Outlines Minefield
3
The Countries of the World
4
Find the US States
5
Risky Map Clicking: Biggest States A-Z
6
US States
7
Popular People in 1961
8
Movies - When Are They Set?
More Music Quizzes
Complete the '70s Song... With a Picture
Published
Trending Quizzes
Risky Map Clicking: Least Populous States A-Z
1-10 Letter G Words
Risky Map Clicking: Next State Alphabetically
Adjectives in 80s TV Shows
The Seven Year Switch: Catherine
Recently Updated
Leaping Animals
pecheneg
Reality TV Shows (A-Z)
bhenderson79
Rickey Henderson's Hall of Fame Teammates
pecheneg
Champions League XIs: Arsenal
pecheneg
Quick Pick: Celebrities in WWE's Hall of Fame
aduchscher
A-Z Keypad Blitz II
pecheneg
Multiple Oscar Actors
pecheneg
Mystery Phrase Blitz: Oscar 'Best Actors'
pecheneg
F. Scott Fitzgerald Novels
LTH
Pick 3 Villains
ddd62291
Trending Topics
Crossword
NBA
Marvel
Disney
Kpop
Anime
Harry Potter
Puzzle
Pokémon
NFL
Soccer
The Office
WWE
Country
Song
Your Account Isn't Verified!
In order to create a playlist on Sporcle, you need to verify the email address you used during registration. Go to your
Sporcle Settings
to finish the process.
Report this User
Report this user for behavior that violates our
Community Guidelines
.
Details:
Send Report
Go to the Sporcle.com Mobile Site →
Comments